Pilířem on-line služeb je bezpečnost

Používanie internetových technológií vo finančných inštitúciách. Základom je dôveryhodné prostredie. Zavedenie bezpečnostnej politiky, autentifikácia klienta a autorizácia, vedenie auditných záznamov, nasadenie infraštruktúry verejného kľúča (PKI).

Gespeichert in:
Bibliographische Detailangaben
1. Verfasser: Pickard, Tim
Format: Buchkapitel
Sprache:Tschechisch
Schlagworte:
Tags: Tag hinzufügen
Keine Tags, Fügen Sie das erste Tag hinzu!

MARC

LEADER 00000naa a2200000 4500
001 r044077
005 20231004072551.9
041 0 |a cze 
044 |a CZ 
245 1 0 |a Pilířem on-line služeb je bezpečnost  |c Tim Pickard 
520 |a Používanie internetových technológií vo finančných inštitúciách. Základom je dôveryhodné prostredie. Zavedenie bezpečnostnej politiky, autentifikácia klienta a autorizácia, vedenie auditných záznamov, nasadenie infraštruktúry verejného kľúča (PKI). 
610 2 0 |a bankovníctvo elektronické 
610 2 0 |a bezpečnosť 
610 2 0 |a organizácie finančné 
610 2 0 |a internet 
610 2 0 |a internetbanking 
610 2 0 |a karty čipové 
610 2 0 |a audit 
610 2 0 |a služby bankové 
610 2 0 |a služby finančné 
100 1 |a Pickard, Tim